[Event "Ponts U12 Lleida-ch"]
[Site "Ponts"]
[Date "2013.01.26"]
[Round "2.5"]
[White "Costa Esteve, Ricard"]
[Black "Amoros Armente, Josep"]
[Result "0-1"]
[WhiteElo "1700"]
[BlackElo "1728"]
[PlyCount "82"]
[EventDate "2013.01.26"]
[EventType "swiss"]
[EventRounds "6"]
[EventCountry "ESP"]
[SourceTitle "EXT 2024"]
[Source "ChessBase"]
[SourceDate "2023.10.10"]
[SourceVersion "1"]
[SourceVersionDate "2023.10.10"]
[SourceQuality "1"]

1. e4 e5 2. Nf3 Nc6 3. Bb5 Nf6 4. Nc3 Bc5 5. Bxc6 dxc6 6. 0-0 Bg4 7. h3 Bh5 8. d3 h6 9. a3 0-0 10. b4 Bd4 11. Bd2 b6 12. g4 Bg6 13. Nxd4 exd4 14. Na4 b5 15. Nc5 h5 16. g5 Nd7 17. Nb7 Qe7 18. Na5 c5 19. Nc6 Qe6 20. Na5 f6 21. gxf6 Rxf6 22. Nb7 cxb4 23. axb4 Qxh3 24. f4 Bh7 25. e5 Rg6+ 26. Kf2 Rg2+ 27. Ke1 Qg3+ 28. Rf2 Rg1+ 29. Ke2 Qg4+ 30. Rf3 Rxd1 31. Rxd1 Bf5 32. e6 Qg2+ 33. Rf2 Bg4+ 34. Ke1 Qxb7 35. Rc1 Nf6 36. Rg2 Re8 37. Kf2 Qf3+ 38. Kg1 Bh3 39. Rh2 Ng4 40. Rf2 Qg3+ 41. Rg2 Qxg2# 0-1

[Event "Lleida-ch U12"]
[Site "Vilanova de Segria"]
[Date "2012.01.28"]
[Round "6.4"]
[White "Mir Carnice, Jordi"]
[Black "Amoros Armente, Josep"]
[Result "1-0"]
[WhiteElo "1708"]
[BlackElo "1723"]
[PlyCount "53"]
[EventDate "2012.01.14"]
[EventType "swiss"]
[EventRounds "6"]
[EventCountry "ESP"]
[SourceTitle "EXT 2024"]
[Source "ChessBase"]
[SourceDate "2023.10.10"]
[SourceVersion "1"]
[SourceVersionDate "2023.10.10"]
[SourceQuality "1"]

1. e4 e5 2. Nf3 Nc6 3. Nc3 Nf6 4. Bc4 Nxe4 5. Nxe4 d5 6. Bxd5 Qxd5 7. Nc3 Qd8 8. d3 Bc5 9. 0-0 0-0 10. Re1 Re8 11. Ne4 Bg4 12. Nxc5 Nd4 13. Be3 Nxf3+ 14. gxf3 Bh3 15. Nxb7 Qd5 16. Nc5 Qd6 17. Kh1 Qg6 18. Rg1 Qf6 19. d4 Qf5 20. Bh6 g6 21. Qd3 Qf4 22. Bxf4 Bf5 23. Qxf5 Rab8 24. dxe5 Kh8 25. Qf6+ Kg8 26. Bh6 Rxb2 27. Qg7# 1-0

[Event "Lleida-ch U12"]
[Site "Vilanova de Segria"]
[Date "2012.01.21"]
[Round "4.3"]
[White "Foix Martinez, Jose"]
[Black "Amoros Armente, Josep"]
[Result "0-1"]
[WhiteElo "1700"]
[BlackElo "1723"]
[PlyCount "20"]
[EventDate "2012.01.14"]
[EventType "swiss"]
[EventRounds "6"]
[EventCountry "ESP"]
[SourceTitle "EXT 2024"]
[Source "ChessBase"]
[SourceDate "2023.10.10"]
[SourceVersion "1"]
[SourceVersionDate "2023.10.10"]
[SourceQuality "1"]

1. e4 e5 2. Nf3 Nc6 3. Bc4 Nd4 4. c3 Nxf3+ 5. Qxf3 Nf6 6. d4 d6 7. 0-0 Bg4 8. Qg3 Qd7 9. Bg5 Nxe4 10. Qe3 Nxc3 0-1